000 00552nam a2200181 a 4500
001 000046879
005 20201002053159.0
008 180405s2004 dr 000 0 spa d
020 _a978994544400X
040 _aDO-SdBNP
_bspa
_cBNPHU
082 _axxx
_bC965e, 2do.
100 1 _aCuello del Orbe, Elisa Ysabel /
_974001
245 1 0 _aEducación sexual 2 /
_cElisa Ysabel Cuello del Orbe.
260 _aSanto Domingo, :
_bActualidad,
_c[20--].
300 _a56p. :
_bil. ;
_c28 cm.
504 _aBibliografía: p. 56
590 _aInventariado, 2018/MFF
999 _c46368
_d46368